000
00456nam a2200181Ia 4500
008
090124s9999 xx 000 0 und d
082
_b
116679
100
_a
गांगल वसंत
245
_a
पंचदशी
250
_a
1
260
_c
1964
300
_a
150
600
_a
गांगल वसंत
630
_a
पंचदशी
700
_a
गांगल वसंत
730
_a
पंचदशी
942
_c
BOOK
999
_c
162765
_d
162765